=LDR 00000nam 2200000 4500 =001 001118 =005 20250713011531 =035 ##$$a 0010-0725001002 =007 ta =008 250713################a##########0#ind## =020 ##$$a 978-623-472-583-4 =082 ##$$a 398.209 598 =084 ##$$a 398.209 598 PRA b =100 #$$a Prasad vaishali =245 1#$$a Bagian-bagian tubuhku /$c Vaishali prasad =250 ##$$a Cetakan pertama =260 ##$$a Rawamangun :$b Badan pengembangan dan pembinaan bahasa,$c 2022 =300 ##$$a 16 hlm. : $b Ilus. ; $c 22,9 cm. =650 #4$$a Cerita anak indonesia-terjemahan =650 #4$$a Literasi-bahan bacaan